000 00610pam a2200229 i 4500
001 1288313
005 20180222083758.0
008 760123s1977 nyua b 001 0 eng
010 _a 76001954
020 _a0024164909
040 _aDLC
_cDLC
_dDLC
041 _aeng
060 _aQH431 S859b
080 _a573.21 STI
082 0 0 _a573.21 STI
100 1 _a11
101 _aBIO
245 1 0 _aBiosocial genetics :
_cGerald James Stine.
504 _aIncludes bibliographies and index.
906 _a7
_bcbc
_corignew
_d1
_eocip
_f19
_gy-gencatlg
942 _2ddc
_cBK
999 _c43215
_d43215